| 000 | 00457nam a2200193Ia 4500 | ||
|---|---|---|---|
| 005 | 20250423101459.0 | ||
| 008 | 250422s9999 xx 000 0 und d | ||
| 020 | _a0-13-928318-8 | ||
| 050 | _aHG 181 .K34/ | ||
| 100 | _aGeorge G. Kaufman | ||
| 245 | 4 | _aThe U.S Financial System | |
| 250 | _aFifth Edition | ||
| 260 | _aNew Jersey | ||
| 260 | _bPrentice Hall PTR | ||
| 260 | _c1992 | ||
| 300 | _a659 p | ||
| 650 | _aFinancial System | ||
| 942 | _cBK | ||
| 999 |
_c36410 _d36410 |
||